|
|
|
|
| LEADER |
03921nam a22003973i 4500 |
| 001 |
EBC7024777 |
| 003 |
MiAaPQ |
| 005 |
20231204023226.0 |
| 006 |
m o d | |
| 007 |
cr cnu|||||||| |
| 008 |
231204s2022 xx o ||||0 ger d |
| 020 |
|
|
|a 9783839461259
|q (electronic bk.)
|
| 020 |
|
|
|z 9783732861255
|
| 035 |
|
|
|a (MiAaPQ)EBC7024777
|
| 035 |
|
|
|a (Au-PeEL)EBL7024777
|
| 035 |
|
|
|a (OCoLC)1322124373
|
| 040 |
|
|
|a MiAaPQ
|b eng
|e rda
|e pn
|c MiAaPQ
|d MiAaPQ
|
| 100 |
1 |
|
|a Bohn, Ralf.
|
| 245 |
1 |
4 |
|a Das Karussell - Schwindel, Tausch und Täuschung :
|b Szenen einer Medienphilosophie.
|
| 250 |
|
|
|a 1st ed.
|
| 264 |
|
1 |
|a Bielefeld :
|b transcript,
|c 2022.
|
| 264 |
|
4 |
|c {copy}2022.
|
| 300 |
|
|
|a 1 online resource (415 pages)
|
| 336 |
|
|
|a text
|b txt
|2 rdacontent
|
| 337 |
|
|
|a computer
|b c
|2 rdamedia
|
| 338 |
|
|
|a online resource
|b cr
|2 rdacarrier
|
| 490 |
1 |
|
|a Szenografie & Szenologie
|
| 505 |
0 |
|
|a Cover -- INHALT -- I. TEIL: PARAMETER EINER ÖKOLOGIE DES SCHWINDELS -- 1. KIRCHE, KARUSSELL UND KAUFLADEN - EINE EINFÜHRENDE SZENE -- 2. PHILOSOPHISCHE ORIENTIERUNG IM SCHWINDEL -- 3. DER SCHWINDEL, EIN ZWEIFELHAFTER GENUSS -- 4. DER HASE UND DER IGEL - GESCHWINDIGKEIT UND AUFMERKSAMKEIT -- 5. GENAUIGKEIT UND SEELE -- 6. DIE GÖTTER DER PSYCHOPHYSIK VERMESSEN DEN SCHWINDEL -- 7. HANS IM GLÜCK -- 8. ERSTE STÖRUNG: DIE FETISCHISIERUNG - DIE FOTOGRAFIE -- 9. ZWEITE STÖRUNG: SELBSTBESCHWINDELUNG -- 10. DRITTE STÖRUNG: DIE VERTAUSCHUNG, DIE STRUKTURALE MATRIX -- 11. ERSTE SPIELART: DIE KUNST DES SCHWINDELNS - HÜTCHENSPIEL UND ZAUBEREI -- 12. ZWEITE SPIELART: DAS SCHWINDELGEFÜHL ALS SYNDROM - ROULETTE -- 13. DRITTE SPIELART: POTLATSCH - VERSUCH, DEN SCHWINDEL ZU HINTERGEHEN -- II. TEIL: DAS KARUSSELL IM KONTEXT VON MEDIENINSZENIERUNGEN -- 14. WALTER BENJAMIN: KARUSSELLFAHRENDES KIND - EIN DENKBILD -- 15. RAINER MARIA RILKE: DAS KARUSSELL - EIN WAHRNEHMUNGSBILD -- 16. EIN SOZIOLOGISCHER BEITRAG: DER SCHWINDEL ALS ROLLENSPIEL -- 17. FRANZ KAFKA: AUF DER GALERIE. EIN WUNSCHBILD -- 18. ROBERT MUSIL: INFLATION. DAS KARUSSELL ALS ORT DER VERAUSGABUNG -- 19. FILM 1: BENIGNI: DAS LEBEN IST SCHÖN. WUNDER UND RÄTSEL -- 20. FILM 2: LUBITSCH: SEIN ODER NICHTSEIN. AKZEPTANZ DES NICHTIDENTISCHEN -- 21. FILM 3: ZINNEMANN: HIGH NOON ODER DAS DUELL -- 22. FILM 4: HITCHCOCK: DER FREMDE IM ZUG. DAS DURCHDREHENDE KARUSSELL -- 23. TECHNISIERUNG DES SCHWINDELS -- 24. FILM 5: HITCHCOCK: VERTIGO. HÖHENSCHWINDEL MIT SCHULDVERSTRICKUNG -- 25. FILM 6: TATI: JOUR DE FETE. KEIN FEST DER BESCHLEUNIGUNG -- 26. ARCHITEKTUR 1: PLACE DU CARROUSEL - DER TANZ UM DIE LEERE -- 27. ARCHITEKTUR 2: ARC DE TRIOMPHE. VON DER MOTORIK ZUR SENSUALISIERUNG -- 28. GEOMETRIE: DIE FALTUNG/INVOLUTION -- 29. SZENEN DES FOTOGRAFIERENS.
|
| 505 |
8 |
|
|a 30. MUSIK UND SOUND: KUBRICK: 2001: ODYSSEE IM WELTRAUM. KONTAKTAUFNAHME ODER SCHWERELOSIGKEIT -- 31. BUÑUELS SPIELUHR - SCHWINDEL VON BESITZ UND BESESSENHEIT -- 32. MALEREI: RÜCKVERKÖRPERUNG UND SEITENBLICK -- III. TEIL: VOM UNAUSLOTBAREN GRUND IN FEST UND SCHWINDEL -- 33. RAUSCH UND SCHWINDEL. NIETZSCHES AGONISTIK -- 34. DAS LEBENDE KARUSSELL: FESTKULTUR UND VISION -- 35. CARNE VALE ODER DAS DIONYSISCHE KARUSSELL -- 36. EINE PATHOGRAFIE DES SCHWINDELS -- 37. ANGST: DAS, WAS NICHT SCHWINDELT -- QUELLENVERZEICHNIS -- ABBILDUNGEN.
|
| 588 |
|
|
|a Description based on publisher supplied metadata and other sources.
|
| 590 |
|
|
|a Electronic reproduction. Ann Arbor, Michigan : ProQuest Ebook Central, 2023. Available via World Wide Web. Access may be limited to ProQuest Ebook Central affiliated libraries.
|
| 655 |
|
4 |
|a Electronic books.
|
| 776 |
0 |
8 |
|i Print version:
|a Bohn, Ralf
|t Das Karussell - Schwindel, Tausch und Täuschung
|d Bielefeld : transcript,c2022
|z 9783732861255
|
| 797 |
2 |
|
|a ProQuest (Firm)
|
| 830 |
|
0 |
|a Szenografie & Szenologie
|
| 856 |
4 |
0 |
|u https://ebookcentral.proquest.com/lib/matrademy/detail.action?docID=7024777
|z Click to View
|